000
00245nam a22001217a 4500
008
181226b xxu||||| |||| 00| 0 eng d
041
_a
eng
080
_a
330
100
_a
52
101
_a
EKO
245
_a
Economics
_c
Bowden
942
_2
udc
_c
BK
999
_c
53806
_d
53806